Fysikální základy elektrojiskrového obrábění kovů /

Gespeichert in:
Bibliographische Detailangaben
1. Verfasser: Zolotych, B.N (Verfasst von)
Format: Buch
Sprache:Tschechisch
Veröffentlicht: Praha : SNTL, 1954
Schlagworte:
Tags: Tag hinzufügen
Keine Tags, Fügen Sie das erste Tag hinzu!

MARC

LEADER 00000nam a22000003a 4500
001 stu45159
005 20150617225716.3
008 951123s1954----cs------------------cze-d
040 |a STU  |b slo 
041 0 |a cze 
044 |a cs 
080 |a 621.9.048 
100 1 |a Zolotych, B.N  |4 aut 
245 1 |a Fysikální základy elektrojiskrového obrábění kovů /  |c [aut.]B.N. Zolotych 
260 |a Praha :  |b SNTL,  |c 1954 
300 |a 87 s 
650 7 |a Obrábanie elektroiskrové  |2 stusub 
996 |b 284M020132  |c M*3588-1  |l MMKN  |s A  |a 24  |w stu45159_0001